000 00870nam a2200265 4500
003 OSt
005 20260601171006.0
008 260521b1994\\\\mx\a||||\||||\00|\0\spa\d
040 _aICI
_bspa
_cICI
041 _aspa
050 _aNK1390
_bM49 1994
100 1 _aAmbasz, Emilio
_dautor
_932299
245 1 _aMéxico en el diseño 21 :
_bdiseño industrial, gráfico y arquitectura
264 _aMéxico :
_c1994
300 _a47 páginas :
_bilustraciones
336 _atexto
_2rdacontent
337 _asin medio
_2rdamedia
338 _avolumen
_2rdacarrier
500 _aObra ilustrada sobre diseño industrial, diseño gráfico y arquitectura contemporánea en México
650 _aDiseño industrial
_zMéxico
650 _aDiseño gráfico
_zMéxico
650 _aArquitectura mexicana
_ySiglo XX
650 _aArtes decorativas modernas
942 _2lcc
_cB
_n1
999 _c20287
_d20287